000 00426nam a2200181Ia 4500
008 230524s9999 xx 000 0 und d
020 _a8121902630
082 _a546
_bPRA
100 _aSatya Prakash
245 0 _aAdvance In Organic Chemistry Vol-1
250 _a4TH
260 _aNEW DELHI
_bS. Chand
_c2004
300 _a1157
500 _aQuantity Number: 2
650 _aChemistry
700 _a. Atal
942 _cBK
999 _c1497
_d1497